Biósfera: los seres vivos y su ambiente /
Guardado en:
| Autor Principal: | |
|---|---|
| Formato: | Libro |
| Publicado: |
España :
Omega,
1975
|
| Materias: | |
| Etiquetas: |
Agregar Etiqueta
Sin Etiquetas, Sea el primero en etiquetar este registro!
|
| LEADER | 00810nam a22002175a 4500 | ||
|---|---|---|---|
| 001 | CEM.cems003473 | ||
| 005 | 19000101000000.0 | ||
| 008 | 130507s1975##################000#0#####d | ||
| 003 | CEMS | ||
| 082 | 0 | 4 | |a 574 |
| 100 | 1 | |a Jessop, N. M. | |
| 245 | 1 | 0 | |a Biósfera: los seres vivos y su ambiente / |c N. M. Jessop |
| 260 | |a España : |b Omega, |c 1975 | ||
| 300 | |a 954 p. | ||
| 505 | 0 | |a Diferencias y semejanzas de vegetales y animales desde el punto de vista biologico. Plan general de organizacion de plantas vasculares y vertebrados: sus adaptaciones al medio. Invertebrados inferiores. Plan de organizacion nivel protoplasmatico. Taxonomia | |
| 653 | |a Biologia | ||
| 653 | |a Biosfera | ||
| 653 | |a Etologia | ||
| 653 | |a Habitat | ||
| 653 | |a Homeostasis | ||
| 859 | |a CEMS |b BIB. CEMS - 11 de abril |h 574 |i J498 |p 7727.80 |t Ej.1 | ||
